| 000 | 00520nam a2200169 i 4500 | ||
|---|---|---|---|
| 001 | 61308 | ||
| 003 | ES-MaACL | ||
| 005 | 20230906164427.0 | ||
| 007 | t| | ||
| 008 | 031111s1965 sp ||||1| spa d | ||
| 100 | 1 |
_aEvarts, Harry F. _948381 |
|
| 245 | 1 | 0 |
_aIntroducción al Pert / _cHarry F. Evarts ; traducción y prólogo R. Companys Pascual. |
| 260 |
_aBarcelona : _bSagitario, _c[1965] |
||
| 300 |
_a152 p. : _bil. ; _c19 cm. |
||
| 700 | 1 |
_aCompanys Pascual, Ramón. _940043 |
|
| 852 |
_aES-MaACL _jC-28314 _bR.57152 |
||
| 999 |
_c61308 _d61308 |
||